00282nam a2200121Ia 4500008004100000082001700041100002600058245001000084260004000094365000600134630001000140730001000150100415s9999 xx 000 0 und d b5791a582.16 aParker Bertha Morris aTrees aLONDONc1947bLOW PERTERSON AND CO. b0 aTrees aTrees